Logo BPK

Biblioteka

Politechniki Koszalińskiej

Grawitacija : (Rekord nr 15091)

Szczegóły MARC
000 -ETYKIETA REKORDU
podpole kontrolne o stałej długości 00475nam a2200181 i 4500
001 - NUMER KONTROLNY REKORDU
pole kontrolne bg
040 ## - ŹRÓDŁO KATALOGOWANIA
Instytucja, która utworzyła rekord BPK
041 ## - KOD JĘZYKA
Kod języka tekstu pol
080 ## - UNIWERSALNA KLASYFIKACJA DZIESIĘTNA - UKD
UKD 531.5
008 - POLE O STAŁEJ DŁUGOŚCI - DANE KONTROLNE
podpole kontrolne o stałej długości s pl f |000 0 pol
245 #0 - TYTUŁ/ODPOWIEDZIALNOŚĆ
Tytuł Grawitacija :
Ciąg dalszy tytułu Problemy perspektiwy.
260 ## - STREFA ADRESU WYDAWNICZEGO
Miejsce wydania Kiew :
Nazwa wydawcy/dystrybutora Izdat. "Naukova Dumka",
Data publikacji, dystrybucji/powstania dokumentu 1972.
300 ## - STREFA OPISU FIZYCZNEGO
Objętość s. 358, nlb. 2.
500 ## - UWAGI OGÓLNE
Tekst uwagi [Tyt. również częściowo tekst w jęz. ang.].
500 ## - UWAGI OGÓLNE
Tekst uwagi [Alf. ros.].
504 ## - UWAGA DOTYCZĄCA BIBLIOGRAFII
Informacje o bibliografii [Zawiera bibliogr.].
856 ## - LOKALIZACJA I DOSTĘP DO ELEKTRONICZNYCH DOKUMENTÓW ZDALNYCH
Link (URL) http://koha.tu.koszalin.pl/cgi-bin/koha/opac-detail.pl?biblionumber=15091
Tekst linku Katalog online BPK
942 ## - DODATKOWE ELEMENTY (KOHA)
Typ dokumentu Książka
Egzemplarze
Wycofany Status egzemplarza Uszkodzony Dostępność Lokalizacja stała Lokalizacja bieżąca Miejsce przechowywania Sygnatura Kod kreskowy Typ dokumentu
      Dostępny Biblioteka Politechniki Koszalińskiej Biblioteka Politechniki Koszalińskiej Wypożyczalnia BG 15534 01729849 Książka
© 2023 Biblioteka Politechniki Koszalińskiej :: KOHA